La señorita de Tacna: pieza en dos actos
Gorde:
| Egile nagusia: | |
|---|---|
| Formatua: | Liburua |
| Hizkuntza: | gaztelania |
| Argitaratua: |
Barcelona
Seix Barral
1981
|
| Edizioa: | 2a. ed |
| Saila: | Biblioteca Breeve, 463
|
| Gaiak: | |
| Etiketak: |
Etiketa erantsi
Etiketarik gabe, Izan zaitez lehena erregistro honi etiketa jartzen!
|
MARC
| LEADER | 00000nam a2200000 a 4500 | ||
|---|---|---|---|
| 001 | UCY1965 | ||
| 003 | CL-VaPUC | ||
| 008 | 940930e19810000SP |||||||||||||||||spa|d | ||
| 082 | 0 | 4 | |a Pe862 |b VAR |2 21 |
| 100 | 0 | |a Vargas Llosa, Mario |e author |9 318800 | |
| 245 | 1 | 3 | |a La señorita de Tacna: pieza en dos actos |
| 250 | |a 2a. ed | ||
| 300 | |a 146 p | ||
| 942 | |c BK | ||
| 945 | |d 19940930 00:00:00 |a rbrito | ||
| 260 | |a Barcelona |b Seix Barral |c 1981 | ||
| 650 | 7 | |a DRAMAS PERUANOS |2 CL-VaPUC |9 330030 | |
| 583 | |a last modification |c 19940930 00:00:00 |k Rodrigo Vera | ||
| 490 | 0 | |a Biblioteca Breeve, 463 | |
| 999 | |c 230514 |d 230512 | ||
| 952 | |0 0 |1 0 |4 0 |6 PE_862_000000000000000_VAR_1981 |7 0 |8 A |9 232853 |a BIBEDU |b BIBEDU |d 2019-11-15 |i 3019047 |o Pe862 VAR 1981 |p 3019047 |r 2019-11-15 |w 2019-11-15 |y BK |k LIT | ||
| 952 | |0 0 |1 0 |4 0 |6 PE_862_000000000000000_VAR_1981 |7 0 |8 A |9 232854 |a BIBEDU |b BIBEDU |d 2019-11-15 |i 1450832 |o Pe862 VAR 1981 |p 1450832 |r 2019-11-15 |w 2019-11-15 |y BK |k LIT | ||